Todo el powerpoint para windows 95 : versión 7.0 /
Guardado en:
| Formato: | Libro |
|---|---|
| Publicado: |
Buenos Aires :
Gyr,
1997
|
| Series: | Libros para saber
|
| Materias: | |
| Etiquetas: |
Agregar Etiqueta
Sin Etiquetas, Sea el primero en etiquetar este registro!
|
| LEADER | 01279nam a22002535a 4500 | ||
|---|---|---|---|
| 001 | CEM.cems009689 | ||
| 005 | 20080722121124.0 | ||
| 008 | 130507s1997##################000#0#####d | ||
| 003 | CEMS | ||
| 020 | |a 9879008383 | ||
| 082 | 0 | 4 | |a 001.6425 |
| 245 | 0 | 0 | |a Todo el powerpoint para windows 95 : |b versión 7.0 / |c Marta Beatriz Martins Carrizo ; revisión Técnica Gabriel Strizinec |
| 260 | |a Buenos Aires : |b Gyr, |c 1997 | ||
| 300 | |a 220 p. | ||
| 490 | 0 | |a Libros para saber | |
| 500 | |a Para Pc Ibm y compatibles | ||
| 505 | 0 | |a Bienvenido a Powerpoint 7.0 -- Creación de una presentación -- Edición de textos -- Trabajo con objetos -- Utilización de imagenes prediseñadas -- Perfeccionando una presentación -- Notas, documentos e impresión -- Presentaciones automáticas -- Gráficos en presentaciones -- Organigramas en presentaciones -- Herramientas que facilitan el trabajo -- La barra de acceso directo de Office -- Utilizando MS-Schedule+ -- Tareas, contactos, impresión y configuración | |
| 653 | |a Informática | ||
| 653 | |a Computación | ||
| 653 | |a Powerpoint | ||
| 653 | |a Software | ||
| 653 | |a Windows-aplicaciones | ||
| 859 | |a CEMS |b BIB. CEMS - 11 de abril |h 001.6425 |i G99-6 |p 19919.98 |t Ej.1 | ||
| 859 | |a CEMS |b BIB. CEMS - 11 de abril |h 001.6425 |i G99-6 |p 25789.10 |t Ej.2 | ||
